UBT Library

Maternal Child Nursing: (Record no. 1422)

000 -LEADER
fixed length control field 00303nam a22001097a 4500
008 - FIXED-LENGTH DATA ELEMENTS--GENERAL INFORMATION
fixed length control field 160418b xxu||||| |||| 00| 0 eng d
020 ## - INTERNATIONAL STANDARD BOOK NUMBER
International Standard Book Number 9781416058960
041 ## - LANGUAGE CODE
Language code of text/sound track or separate title eng
080 ## - UNIVERSAL DECIMAL CLASSIFICATION NUMBER
Universal Decimal Classification number 618
245 ## - TITLE STATEMENT
Title Maternal Child Nursing:
Statement of responsibility, etc Emily Slone Mekinney; Susan Rowen James; Sharon Smith Murray;
942 ## - ADDED ENTRY ELEMENTS (KOHA)
Source of classification or shelving scheme
Item type Books
Holdings
Withdrawn status Lost status Source of classification or shelving scheme Damaged status Not for loan Collection code Permanent location Current location Shelving location Date acquired Total Checkouts Full call number Barcode Date last seen Price effective from Koha item type
          Koleksioni i përgjithshem UBT - Lipjan UBT - Lipjan Koleksioni i përgjithshem 04/18/2016   618 MCK 002-027124 01/05/2017 04/18/2016 Books
          Koleksioni i përgjithshem UBT - Lipjan UBT - Lipjan Koleksioni i përgjithshem 11/21/2017   618.2 JAM 002-2938128` 11/21/2017 11/21/2017 Books
UBT Library © 2015-2024. All rights reserved University Education for Business and Technology